[Event "Israel Team Ch Under 18"]
[Site "Jerusalem"]
[Date "2017.08.15"]
[Round "6"]
[White "Zhimalov, Adam"]
[Black "Kadria, Avi"]
[Result "0-1"]
[WhiteElo "1784"]
[BlackElo "1729"]
[Annotator "NA RC"]
[PlyCount "65"]
[EventDate "2017.??.??"]
[EventType "swiss"]
[EventCountry "ISR"]
[SourceTitle "playchess.com"]
[Source "ChessBase"]
[SourceQuality "1"]
[TimeControl "40/5400+30:1800+30"]

1. Nf3 {[%emt 0:40:11]} d5 {[%emt 0:42:55]} 2. g3 {[%emt 0:00:28]} Bg4 {[%emt 0:01:06]} 3. Bg2 {[%emt 0:00:28]} Nf6 {[%emt 0:01:09]} 4. d3 {[%emt 0:00:42]} Nc6 {[%emt 0:01:32] LiveBook: 6 Games} 5. c3 {[%emt 0:00:27]} e5 {[%emt 0:03:03]} 6. Nbd2 $11 {[%emt 0:02:16]} Qd7 {[%emt 0:03:56]} 7. b4 {[%emt 0:04:05]} a6 {[%emt 0:01:25]} 8. a4 {[%emt 0:01:31]} Bh3 {[%emt 0:01:44]} 9. O-O {[%emt 0:02:01]} h5 {[%emt 0:05:27]} 10. Bb2 {[%emt 0:05:32]} Bd6 {[%emt 0:12:24]} 11. b5 {[%emt 0:17:20]} Nd8 {[%emt 0:01:08]} 12. e4 {[%emt 0:01:21]} h4 {[%emt 0:06:30]} 13. Bxh3 {[%emt 0:01:59]} Qxh3 {[%emt 0:00:23]} 14. Ng5 {[%emt 0:00:33]} Qd7 {[%emt 0:00:33]} 15. exd5 {[%emt 0:00:49]} Nxd5 {[%emt 0:01:19]} 16. Nde4 {[%emt 0:12:41]} hxg3 17. fxg3 {[%emt 0:03:40]} Ne3 {[%emt 0:02:26]} 18. Qf3 {[%emt 0:00:22]} Nxf1 {[%emt 0:00:56]} 19. Rxf1 {[%emt 0:00:24]} f6 {[%emt 0:01:44]} 20. Nxd6+ {[%emt 0:00:55]} cxd6 {[%emt 0:00:25]} 21. Ne4 {[%emt 0:01:17]} axb5 {[%emt 0:01:02]} 22. axb5 {[%emt 0:00:55]} d5 {[%emt 0:00:43]} 23. Nxf6+ {[%emt 0:01:11]} gxf6 {[%emt 0:01:06]} 24. Qxf6 {[%emt 0:00:21]} Rg8 {[%emt 0:02:31]} 25. Qxe5+ {[%emt 0:00:29]} Qe6 {[%emt 0:00:37]} 26. Qh5+ {[%emt 0:00:37]} Kd7 {[%emt 0:01:16]} 27. Qh7+ {[%emt 0:00:26]} Kc8 {[%emt 0:00:55]} 28. c4 {[%emt 0:00:42]} dxc4 {[%emt 0:03:41]} 29. dxc4 {[%emt 0:00:32]} Re8 {[%emt 0:00:34]} 30. Qh5 {[%emt 0:00:29]} Qe3+ {[%emt 0:00:44]} 31. Kg2 {[%emt 0:00:22]} Qe2+ {[%emt 0:00:25]} 32. Kh1 Qe3 33. Qc5+ {Ra2 Qh5} 0-1

[Event "Israel Team Ch Under 18"]
[Site "Jerusalem"]
[Date "2017.08.15"]
[Round "6"]
[White "Sonzenevich, Matan"]
[Black "Shohat, Yotam"]
[Result "1-0"]
[WhiteElo "1734"]
[BlackElo "2041"]
[Annotator "NA RC"]
[PlyCount "35"]
[EventDate "2017.??.??"]
[EventType "swiss"]
[EventCountry "ISR"]
[SourceTitle "playchess.com"]
[Source "ChessBase"]
[SourceQuality "1"]
[TimeControl "40/5400+30:1800+30"]

{[%evp 13,34,10,57,35,66,39,46,46,56,60,231,230,699,740,32767,32767,32767,32767,1024,1093,29995,29996,29996]} 1. e4 e6 2. Nf3 d5 3. e5 c5 4. b4 Nc6 5. bxc5 Bxc5 6. d4 Bb6 7. c3 Bd7 8. Bd3 Rc8 9. O-O Nge7 10. Na3 a6 11. Bd2 O-O $2 {[#]} (11... h6 $14) 12. Bxh7+ $1 Kh8 $2 (12... Kxh7 13. Ng5+ Kg6) 13. Ng5 g6 14. Qf3 Nf5 15. g4 Nh6 16. Qh3 Kg7 {[#]} 17. Nxe6+ fxe6 18. Qxh6+ 1-0

[Event "Israel Team Ch Under 18"]
[Site "Jerusalem"]
[Date "2017.08.15"]
[Round "6"]
[White "Kotler, Yiftah"]
[Black "Feldman, Antony"]
[Result "1-0"]
[WhiteElo "1722"]
[BlackElo "1975"]
[Annotator "NA RC"]
[PlyCount "63"]
[EventDate "2017.??.??"]
[EventType "swiss"]
[EventCountry "ISR"]
[SourceTitle "playchess.com"]
[Source "ChessBase"]
[SourceQuality "1"]
[TimeControl "40/5400+30:1800+30"]

1. e4 {[%emt 0:40:15]} g6 {[%emt 0:40:41]} 2. d4 {[%emt 0:00:39]} Bg7 {[%emt 0:00:22]} 3. Nf3 {[%emt 0:00:28]} d6 {[%emt 0:00:29]} 4. c4 {[%emt 0:00:57]} Bg4 {[%emt 0:01:19]} 5. Be2 {[%emt 0:01:14]} Nc6 {[%emt 0:04:05]} 6. Be3 {[%emt 0:03:42] LiveBook: 209 Games} Nf6 {[%emt 0:08:31]} 7. Nc3 {[%emt 0:01:02]} O-O {[%emt 0:00:25]} 8. O-O {[%emt 0:01:09]} e5 {[%emt 0:02:55]} 9. d5 {[%emt 0:00:36]} Ne7 {[%emt 0:00:30]} 10. b4 {[%emt 0:01:32] E97: King's Indian: Classical Main Line (6...e5 7 0-0 Nc6): 8 Be3 and 8 d5 Ne7, not 9 Ne1} Nd7 {[%emt 0:01:26]} 11. Rb1 $146 {[%emt 0:04:34]} ({Find the theoretical novelty and annotate with similar games:} 11. Qd2 Nb6 12. c5 Bxf3 13. cxb6 Bxe2 14. bxc7 Qxc7 15. Nxe2 f5 16. Rac1 Qd7 17. f3 a6 {½-½ (43) Trushelyov,V (2354)-Khusenkhojaev,M (2373) Peterhof 2009}) 11... h6 {[%emt 0:01:56]} 12. Nd2 {[%emt 0:00:53]} Bxe2 {[%emt 0:00:24]} 13. Qxe2 {[%emt 0:00:33]} f5 {[%emt 0:00:26]} 14. f3 {[%emt 0:00:32]} g5 {[%emt 0:01:29]} 15. Rfc1 {[%emt 0:03:47]} Rf6 {[%emt 0:08:17]} 16. c5 {[%emt 0:03:43]} a6 {[%emt 0:07:55]} 17. Nc4 {[%emt 0:02:03]} f4 {[%emt 0:09:37]} 18. Bf2 {[%emt 0:00:35]} Rg6 {[%emt 0:00:22]} 19. Na4 {[%emt 0:06:10]} Nc8 {[%emt 0:01:45]} 20. Na5 {[%emt 0:02:44]} b5 {[%emt 0:03:52]} 21. cxb6 {[%emt 0:02:26]} Ncxb6 {[%emt 0:00:23]} 22. Nxb6 {[%emt 0:00:35]} Nxb6 {[%emt 0:01:28]} 23. Rc6 {[%emt 0:00:35]} Bf8 {[%emt 0:01:23]} 24. Rbc1 {[%emt 0:00:52]} Rg7 {[%emt 0:00:21]} 25. Qc2 {[%emt 0:01:18]} g4 {[%emt 0:01:46]} 26. Rxc7 {[%emt 0:00:54]} Nd7 {[%emt 0:00:47]} 27. Kf1 {[%emt 0:02:15]} Qg5 {[%emt 0:00:26]} 28. Qc6 {[%emt 0:00:57]} Rd8 {[%emt 0:00:56]} 29. Nb7 {[%emt 0:01:06]} Qh5 {[%emt 0:00:32]} 30. Nxd8 {[%emt 0:01:49]} gxf3 {[%emt 0:00:22]} 31. Rxd7 {[%emt 0:02:30]} fxg2+ {[%emt 0:00:35]} 32. Kg1 {[%emt 0:00:33]} 1-0

[Event "Israel Team Ch Under 18"]
[Site "Jerusalem"]
[Date "2017.08.15"]
[Round "6"]
[White "Shetah, Roi"]
[Black "Stolyarsky, Yegor"]
[Result "0-1"]
[WhiteElo "1647"]
[BlackElo "1914"]
[Annotator "NA RC"]
[PlyCount "64"]
[EventDate "2017.??.??"]
[EventType "swiss"]
[EventCountry "ISR"]
[SourceTitle "playchess.com"]
[Source "ChessBase"]
[SourceQuality "1"]
[TimeControl "40/5400+30:1800+30"]

{[%evp 13,61,11,16,16,8,0,16,17,18,16,32767,18,25,3,0,32767,32767,32767,32767,-80,-67,-58,-90,-103,-105,-95,-81,-110,-87,-150,-171,-224,-177,-254,-244,-244,-194,-219,-246,-247,-243,-315,-374,-403,-498,-477,-262,-293,-297,-362]} 1. e4 {[%emt 0:40:13]} e5 {[%emt 0:41:36]} 2. Nf3 {[%emt 0:00:26]} Nc6 {[%emt 0:00:38]} 3. Bc4 {[%emt 0:00:33]} Bc5 {[%emt 0:00:45]} 4. c3 {[%emt 0:00:34]} Nf6 {[%emt 0:00:51]} 5. d3 {[%emt 0:00:26]} d6 {[%emt 0:00:38]} 6. O-O {[%emt 0:00:44]} Bb6 {[%emt 0:00:47]} 7. h3 {[%emt 0:01:29]} h6 {[%emt 0:00:39]} 8. Nbd2 {[%emt 0:00:34] C54: Giuoco Piano: 4 c3 Nf6, main lines with 5 d4 and 5 d3} (8. Re1 O-O 9. a4 a6 10. Nbd2 Ne7 11. d4 exd4 12. cxd4 d5 13. e5 Nh5 14. Bf1 Nf4 15. a5 Ba7 {0-1 (44) Fressinet,L (2712)-Hammer,J (2665) Oslo 2015}) 8... Ne7 {[%emt 0:01:20]} 9. Re1 {[%emt 0:02:21]} (9. a4 $5 {[%cal Ra4a5]} a5 10. Bb3 $11) 9... Ng6 {[%emt 0:01:45]} 10. Nf1 {[%emt 0:01:20]} O-O {[%emt 0:00:49]} 11. Ng3 {[%emt 0:00:25]} c6 {[%emt 0:00:48]} 12. Bb3 {[%emt 0:04:57] LiveBook: 21 Games} d5 {[%emt 0:00:49]} 13. exd5 {[%emt 0:02:32]} Nxd5 {[%emt 0:00:44]} 14. Nxe5 $146 {[%emt 0:04:43]} ({Predecessor:} 14. d4 exd4 15. Nxd4 Nc7 16. Qh5 Bxd4 17. cxd4 Nd5 18. Bxd5 Qxd5 19. Qxd5 cxd5 20. Bd2 {½-½ (20) Dubov,D (2421)-Simacek,P (2476) Olomouc 2009}) 14... Nxe5 {[%emt 0:00:45]} 15. Rxe5 {[%emt 0:00:32]} Bxf2+ {[%emt 0:00:46]} 16. Kxf2 {[%emt 0:01:43]} Qf6+ {[%emt 0:00:42]} 17. Qf3 {[%emt 0:02:28]} Qxe5 {[%emt 0:00:41]} 18. d4 {[%emt 0:02:37]} Qd6 {[%emt 0:01:40]} 19. Bd2 {[%emt 0:03:37]} Bd7 {[%emt 0:02:43]} 20. Ne4 {[%emt 0:07:52]} Qg6 {[%emt 0:03:41]} 21. c4 {[%emt 0:04:20]} (21. Nc5 $142 Be6 22. Kg1) 21... Nc7 {[%emt 0:05:53]} 22. Bb4 {[%emt 0:03:09]} (22. Nc5 $17 Bf5 23. g4) 22... Rfd8 {[%emt 0:02:07]} 23. Nd6 {[%emt 0:04:28]} (23. Re1 $142) 23... a5 {[%emt 0:05:40]} 24. Ba3 {[%emt 0:02:43]} Ne6 {[%emt 0:03:23]} 25. Nf5 {[%emt 0:01:19]} Kh8 {[%emt 0:01:32]} 26. h4 {[%emt 0:03:48]} Ng5 {[%emt 0:07:45]} 27. hxg5 {[%emt 0:00:53]} Bxf5 {[%emt 0:00:50]} 28. gxh6 {[%emt 0:01:13]} Rxd4 {[%emt 0:02:23]} 29. hxg7+ {[%emt 0:01:03]} Kxg7 {[%emt 0:02:00]} 30. Qc3 {[%emt 0:01:13]} Qf6 $19 {[%emt 0:01:33]} 31. Be7 {[%emt 0:00:21]} Rf4+ {[%emt 0:02:45]} 32. Ke3 {[%emt 0:00:27]} Qxc3+ {[%emt 0:00:47] Kd4} 0-1

[Event "Israel Team Ch Under 18"]
[Site "Jerusalem"]
[Date "2017.08.15"]
[Round "6"]
[White "Zach, Asif"]
[Black "Gitzman, Michael"]
[Result "1-0"]
[WhiteElo "1600"]
[BlackElo "1912"]
[Annotator "NA RC"]
[PlyCount "57"]
[EventDate "2017.??.??"]
[EventType "swiss"]
[EventCountry "ISR"]
[SourceTitle "playchess.com"]
[Source "ChessBase"]
[SourceQuality "1"]
[TimeControl "40/5400+30:1800+30"]

{[%evp 8,52,0,10,18,17,24,16,27,25,37,36,85,22,23,27,26,31,28,12,33,0,12,0,-3,-31,-52,-91,106,31,45,41,27,25,72,58,82,68,158,160,231,222,321,320,300,425,411]} 1. d4 e6 2. c4 d5 3. Nc3 Nf6 4. cxd5 exd5 5. Bg5 Be7 6. e3 O-O 7. Bd3 c5 {LiveBook: 9 Games D35: Queen's Gambit Declined: Exchange Variation} (7... Nbd7 8. Nf3 c6 9. Qc2 Re8 10. h3 Nf8 11. Bf4 Ng6 12. Bh2 Bd6 13. Bxd6 Qxd6 14. O-O-O Bd7 15. Kb1 Rac8 16. g4 Qe7 17. Rhe1 c5 18. g5 Nh5 19. Nxd5 Qd6 20. dxc5 Rxc5 21. Bxg6 Rxc2 22. Nf6+ Nxf6 23. Rxd6 Rxf2 24. gxf6 hxg6 25. Rxd7 Rxf3 26. Rxb7 gxf6 27. Rxa7 {½-½ (58) Dreev,A (2651)-Akobian,V (2645) chess.com INT 2017}) 8. Nge2 Nc6 9. O-O Be6 $146 ({Predecessor:} 9... cxd4 10. exd4 Be6 11. Rc1 Rc8 12. Bb1 Qd7 13. Qd3 Nb4 14. Qb5 Qxb5 15. Nxb5 Nc6 16. Nbc3 Rfe8 17. f3 a6 18. Na4 {1-0 (53) Figura,A (2193)-Hohn,A (2139) Berlin 2005}) 10. Rc1 cxd4 11. Nxd4 Nxd4 12. exd4 Rc8 13. Qd2 ({Reject} 13. Bxf6 Bxf6 14. Qf3 g6 $15) 13... Nd7 14. Bf4 Nb6 15. Nb5 Nc4 16. Qe2 (16. Bxc4 $5 Rxc4 17. Rxc4 dxc4 18. Re1 $11) 16... Qb6 17. Nc7 Bf6 $2 {[#]} (17... Rxc7 $17 {and life is bright.} 18. Bxc7 Qxc7) 18. Bxc4 ({Weaker is} 18. Nxe6 fxe6 19. Bxc4 (19. Qh5 g6 $15) 19... dxc4 $11) (18. b3 $1 $16 {[%cal Rb3c4]} Rxc7 19. Bxc7 (19. bxc4 Rxc4 20. Bxc4 dxc4 $11) 19... Qxc7 20. bxc4) 18... dxc4 19. d5 $1 Bd7 20. Qxc4 a6 21. a4 Bd8 22. d6 Bc6 (22... Qxb2 $142 23. Qe4 Bh4) 23. Be5 Bd7 (23... Qa5 {was necessary.} 24. Qd4 f6) 24. Qc3 f6 $18 25. a5 Qa7 26. Bd4 Qb8 27. Bb6 Kh8 28. Qd4 Bxc7 29. dxc7 1-0

[Event "Israel Team Ch Under 18"]
[Site "Jerusalem"]
[Date "2017.08.15"]
[Round "7"]
[White "Parkhov, Yair"]
[Black "Ehrlich, Roy"]
[Result "1-0"]
[WhiteElo "2407"]
[BlackElo "1884"]
[Annotator "TA"]
[PlyCount "45"]
[EventDate "2017.??.??"]
[EventType "swiss"]
[EventCountry "ISR"]
[SourceTitle "playchess.com"]
[Source "ChessBase"]
[SourceQuality "1"]

{[%evp 21,45,-2,0,0,0,-25,0,-121,-107,-151,-82,-75,-72,-93,-87,-81,85,39,35,28,217,239,658,652,652,634]} 1. d4 Nf6 2. Nf3 g6 3. c4 Bg7 4. Nc3 d5 5. Bf4 O-O 6. e3 c5 7. dxc5 Ne4 {D93: Grünfeld: 4 Nf3 Bg7 5 Bf4 0-0 6 e3} (7... Qa5 8. Rc1 dxc4 9. Bxc4 Qxc5 10. Bb3 Nc6 11. O-O Qa5 12. h3 Bf5 13. Qe2 Ne4 14. Nd5 e5 15. Bg5 Nxg5 16. Nxg5 Qd8 17. h4 h6 18. g4 Bd7 19. Ne4 f5 20. gxf5 Bxf5 21. Ne7+ Kh7 22. Nxf5 gxf5 {1-0 (52) Riazantsev,A (2671)-Kulaots,K (2556) Tallinn 2016}) 8. Rc1 Nd7 9. cxd5 Qa5 10. Be2 Nxc3 11. bxc3 Bxc3+ {LiveBook: 5 Games} 12. Kf1 {And now c6 would win.} Nxc5 13. Qc2 Bb4 $146 ({Predecessor:} 13... Na4 14. Bg5 Bd7 15. Qb3 {0-1 (60) Kasznia,I (2019)-Riha,J (2022) FICGS email 2011}) 14. d6 (14. Nd2 $11) 14... Bf5 $17 15. Qc4 Rfc8 ({Black should try} 15... exd6 {...Nd3! is the strong threat.} 16. Bxd6 Rfc8) 16. dxe7 Be6 17. Qb5 {[#]} Qa3 $1 {[%cal Ra3c1][%mdl 1024] Black has strong compensation.} 18. Rd1 Ne4 $2 (18... Bd7 $17 {keeps the pressure on.} 19. Qc4 (19. Rxd7 Nxd7 20. g3 Nb6 $17) 19... Ne6) 19. Qe5 {Strongly threatening Bh6.} Nd6 $1 20. Ng5 $40 {[%mdl 128] White is up to no good.} ({Reject} 20. Bh6 Nf5 $17) 20... Nc4 $2 (20... Bxa2 $11 {and Black stays safe.} 21. Bg4 Ne8) 21. Qd4 $18 Bxe7 $2 {[#]} (21... Nd2+ 22. Kg1 (22. Rxd2 Bxd2 23. Qxd2 Qxe7 $16) 22... Bxa2) 22. Nxe6 fxe6 23. Bxc4 1-0

[Event "Israel Team Ch Under 18"]
[Site "Jerusalem"]
[Date "2017.08.15"]
[Round "7"]
[White "Friedland, Moshe"]
[Black "Slobodiansky, Steven"]
[Result "1-0"]
[WhiteElo "2264"]
[BlackElo "1963"]
[Annotator "TA"]
[PlyCount "161"]
[EventDate "2017.??.??"]
[EventType "swiss"]
[EventCountry "ISR"]
[SourceTitle "playchess.com"]
[Source "ChessBase"]
[SourceQuality "1"]

{[%evp 18,161,66,64,154,120,320,320,320,320,320,320,320,320,320,320,315,323,333,321,314,320,306,291,305,305,327,305,305,291,305,305,305,305,328,305,331,331,352,352,373,380,367,305,568,528,661,650,650,639,737,727,700,692,664,637,957,968,957,947,876,841,948,839,846,850,806,606,1081,1066,1010,931,1401,971,1258,1240,12828,12828,12831,12831,12826,2629,12822,12827,12829,12830,12831,12831,12831,12831,12833,12833,12833,12831,12832,12831,12832,0,12828,2037,12831,12829,12831,12831,12832,12832,12833,12831,12827,1327,5010,1024,2324,1569,12827,12833,12832,2311,12833,12833,12833,12833,12833,5816,5506,1549,2866,2742,12839,12839,12840,12840,12841,12841,12841,12842,12840,12840,12848,12848,12848,12847,12850,12848,12850,12847]} 1. e4 e6 2. d4 d5 3. e5 c5 4. c3 Nc6 5. Nf3 Qb6 6. Na3 Nh6 7. Nc2 cxd4 8. cxd4 Nf5 9. Bd3 {C02: French: Advance Variation} Be7 10. O-O {LiveBook: 7 Games} O-O (10... h5 $14) (10... Bd7 11. g4 Nh6 12. h3 O-O-O 13. Rb1 Kb8 14. b4 Ng8 15. Bd2 h5 16. b5 Na5 {1-0 (25) Volokitin,A (2638)-Caruana,F (2791) Dubai 2014}) 11. g4 $16 {White is clearly better.} Nh4 $2 (11... Nh6 $16) 12. Nxh4 $18 Bxh4 {[#]} 13. g5 $1 Ne7 $146 ({Predecessor:} 13... f5 14. gxf6 g5 15. Bxh7+ {1-0 (15) Schellmann,F (2095)-Kleinhenz,H (1821) Bad Woerishofen 2015}) 14. Qh5 {[%csl Gd3][%cal Rh5h7]} Ng6 15. Bxg6 fxg6 16. Qxh4 Bd7 17. b3 Rac8 18. Ba3 Rxc2 19. Bxf8 Kxf8 20. Qf4+ ({Not} 20. Qxh7 Qxd4 21. Qh3 Qxe5 $14) 20... Ke7 21. Rfc1 Qc6 22. Rxc2 Qxc2 {[%mdl 4096] Endgame KQR-KQB} 23. Qc1 Qe4 {[#]} 24. Qe3 $1 Qg4+ 25. Kh1 Bb5 {intending ...Be2.} 26. h3 Qf5 27. Rc1 Kd7 28. Kg2 Qd3 29. Qxd3 Bxd3 {KR-KB} 30. Kf3 Bf5 $2 (30... Bb5 31. Ke3 Bc6) 31. Ke3 h5 32. gxh6 gxh6 33. h4 Kd8 34. b4 {[%cal Bb3b4,Bb4b5][%mdl 32]} Kd7 35. b5 Kd8 36. Rc3 Kd7 37. Kf4 Bb1 38. Ra3 Kc7 39. Rxa7 Kb6 40. Ra8 Kxb5 41. Re8 Bf5 42. Rh8 h5 43. Rc8 Kb4 44. Kg5 b5 45. Rc5 Ka4 {[#]} 46. a3 $1 Bd3 (46... Kxa3 47. Rxb5) 47. Rc3 Bf5 48. Kf6 Ka5 49. Rb3 (49. f4 $142 Kb6 50. Rg3) 49... Ka4 50. Rb4+ Ka5 51. f4 Ka6 52. Ke7 Ka5 53. Kd6 Bg4 54. Kc5 Be2 55. Rb2 Bd3 56. Rb3 Be2 57. Rb2 Bd3 $1 58. Kd6 (58. Rg2 $142 Ka4 59. Kd6) 58... Bf5 59. Kc6 Bd3 60. Rb3 Be2 61. Kc5 Ka4 62. Re3 Bg4 63. Re1 (63. Rc3 $142 Bf5 64. Kd6) 63... Bf5 64. Kb6 (64. Rc1 $142 Ka5 65. Kd6) 64... Bd3 65. Rd1 Bf5 66. Rc1 Bd3 67. Rc3 (67. Rc6 $142 Bf5 68. Kc5) 67... Bf5 68. Rc8 Bd3 69. Rc6 Bf5 70. Kc5 Bg4 71. Ra6+ Kb3 72. Rb6 Kxa3 73. Rxb5 Ka4 74. Rb8 Bf5 75. Kd6 Ka5 76. Re8 Kb5 77. Rxe6 Bxe6 78. Kxe6 Kc4 79. Kf7 Kxd4 80. e6 {[%cal Be5e6,Be6e7][%mdl 32]} Ke4 81. e7 {Precision: White = 75%, Black = 32%.} 1-0

[Event "Israel Team Ch Under 18"]
[Site "Jerusalem"]
[Date "2017.08.15"]
[Round "7"]
[White "Tzidkiya, Yeshaayahu"]
[Black "Fainman, Tomer"]
[Result "1-0"]
[WhiteElo "2156"]
[BlackElo "1976"]
[Annotator "TA"]
[PlyCount "77"]
[EventDate "2017.??.??"]
[EventType "swiss"]
[EventCountry "ISR"]
[SourceTitle "playchess.com"]
[Source "ChessBase"]
[SourceQuality "1"]

{[%evp 14,77,14,14,11,8,63,62,70,0,56,-32,-32,-47,-12,-56,-49,-50,0,2,21,16,27,6,24,-14,-14,-10,143,143,150,156,215,208,385,391,384,349,381,384,378,381,378,377,639,624,627,627,624,623,615,609,803,818,1768,1657,2164,2047,2623,2612,1272,1133,2761,2729,29982,29983]} 1. d4 d5 2. c4 c6 3. cxd5 cxd5 4. Bf4 Nc6 5. e3 Bf5 6. Nc3 e6 7. Nf3 Nf6 8. Be2 {LiveBook: 46 Games} h6 {D14: Slav Defence: Exchange variation with ...Bf5} (8... Bd6 9. Bxd6 Qxd6 10. O-O O-O 11. Rc1 Rfc8 12. Bd3 Bxd3 13. Qxd3 Nd7 14. Nd2 Nb6 15. Ne2 Rc7 16. Nc3 Rcc8 17. Ne2 Rc7 18. Nc3 Rcc8 19. Qe2 {½-½ (19) Gomez,J (2490)-Lei,T (2468) Subic Bay 2016}) 9. O-O Be7 (9... Bd6 $11) 10. Qb3 $146 ({Find the theoretical novelty and annotate with similar games:} 10. Ne5 Nxe5 11. dxe5 Nd7 12. g4 Bg6 13. Bg3 O-O 14. f4 f5 15. Bd3 Nc5 16. gxf5 Bxf5 17. Bxf5 Rxf5 {½-½ (64) Espinosa Garcia,S (2122)-Martin Rosabal,N (1982) Havana 2009}) 10... Qb6 {White is slightly better.} 11. Rfc1 (11. Qxb6 $14 axb6 12. a3) 11... O-O (11... Qxb3 $11 12. axb3 O-O) 12. Na4 (12. Qxb6 $1 $14 axb6 13. a3) 12... Qxb3 $15 13. axb3 Nh5 14. Bg3 (14. Be5 $5) 14... Nxg3 15. hxg3 Rac8 (15... Rfc8 $15) 16. Nc5 $11 Bxc5 17. Rxc5 a6 18. Rac1 Na7 19. Rc7 f6 (19... Nc6 $5 {[%cal Rc8c7]} 20. Rxc8 Rxc8 $11) 20. Nh4 Bh7 $2 (20... Rxc7 $1 $11 21. Rxc7 Rf7) 21. Bg4 $36 {[%mdl 2048] White is on the roll.} f5 {[#]} 22. Bh5 $1 Rb8 (22... Kh8 $16 23. R1c3 Rxc7 24. Rxc7 Rb8) 23. Re7 $18 Rfc8 $2 (23... Nc6 24. Rxe6 Ra8) 24. Rxc8+ Rxc8 25. Rxb7 Nb5 26. Bf7+ Kf8 {[#] Strongly threatening ...Nd6.} 27. Bxe6 Rc1+ 28. Kh2 Rc2 $2 (28... Nc7 29. Rb8+ Ke7) 29. Rf7+ Ke8 30. Rxg7 Rc7 31. Rxc7 Nxc7 32. Bxf5 Bxf5 33. Nxf5 {[%mdl 4096] Endgame KN-KN} Kd7 34. Nxh6 Kc6 35. g4 {[%cal Bg3g4,Bg4g5][%mdl 32]} Kb5 36. g5 Kb4 37. g6 Ne6 38. f4 {[%cal Bf2f4,Bf4f5][%mdl 32]} Kxb3 39. f5 {Precision: White = 49%, Black = 21%.} 1-0

[Event "Israel Team Ch Under 18"]
[Site "Jerusalem"]
[Date "2017.08.15"]
[Round "7"]
[White "Milikow, Yoav"]
[Black "Feldman, Antony"]
[Result "1/2-1/2"]
[WhiteElo "2137"]
[BlackElo "1975"]
[Annotator "TA"]
[PlyCount "46"]
[EventDate "2017.??.??"]
[EventType "swiss"]
[EventCountry "ISR"]
[SourceTitle "playchess.com"]
[Source "ChessBase"]
[SourceQuality "1"]

{[%evp 10,46,0,0,17,12,15,8,12,13,37,32,42,16,20,8,22,14,29,18,39,31,33,27,31,32,41,12,44,33,52,35,60,35,35,27,38,15,12]} 1. d4 g6 2. e4 Bg7 3. Nc3 c6 4. Be3 d5 5. exd5 cxd5 6. Nf3 {LiveBook: 4 Games. B15: Caro-Kann: 3 Nc3: 3...g6 and 3...dxe4 4 Nxe4 Nf6 5 Nxf6+ exf6} Nf6 (6... Nh6 7. Bd3 Nc6 8. h3 Nf5 9. Bxf5 Bxf5 10. O-O O-O 11. Qd2 Be4 12. Ng5 e5 13. dxe5 Bxg2 14. Kxg2 {0-1 (36) Tandy,C (2196)-De la Riva Aguado,O (2531) Monaco 2013}) 7. h3 O-O 8. Bd3 Nc6 9. O-O h6 $146 ({Find the theoretical novelty and annotate with similar games:} 9... a6 10. Ne5 Be6 11. f4 Nb4 12. f5 Nxd3 13. fxe6 Nxe5 14. dxe5 {1-0 (74) Farkas,G (2298)-Dolnik,A (2101) Liptovsky Mikulas 2007}) 10. Re1 Nb4 11. Bf1 Bf5 12. Rc1 Ne4 13. Nxe4 dxe4 14. Nd2 g5 ({But not} 14... Bxd4 $2 15. Bxd4 Nxa2 16. Bc3 $18) 15. g4 Bg6 16. Bg2 Nxa2 17. Ra1 {[#] aiming for c3.} Nb4 18. Bxe4 Bxe4 (18... e5 $5 {[%cal Re5d4]}) 19. Nxe4 a6 20. Ng3 (20. c3 $5 {[%cal Rc3b4]} Nd5 21. c4 $14) 20... Qc7 21. Rc1 Rad8 22. Nf5 Nd5 23. Nxg7 Kxg7 {Precision: White = 47%, Black = 48%.} 1/2-1/2

[Event "Israel Team Ch Under 18"]
[Site "Jerusalem"]
[Date "2017.08.15"]
[Round "7"]
[White "Hochman, Elnatan"]
[Black "Kupervaser, Erez"]
[Result "1-0"]
[WhiteElo "2097"]
[BlackElo "1868"]
[Annotator "NA RC"]
[PlyCount "63"]
[EventDate "2017.??.??"]
[EventType "swiss"]
[EventCountry "ISR"]
[SourceTitle "playchess.com"]
[Source "ChessBase"]
[SourceQuality "1"]
[TimeControl "40/5400+30:1800+30"]

1. d4 {[%emt 0:40:13]} Nf6 {[%emt 0:40:46]} 2. c4 {[%emt 0:00:28]} g6 {[%emt 0:00:24]} 3. Nc3 {[%emt 0:00:25]} Bg7 {[%emt 0:00:27]} 4. e4 {[%emt 0:00:23]} O-O {[%emt 0:00:26]} 5. Nf3 {[%emt 0:00:29]} c6 {[%emt 0:00:41]} 6. Be2 {[%emt 0:01:08]} d5 {[%emt 0:00:25]} 7. e5 {[%emt 0:00:58]} Ne8 {[%emt 0:01:32] E70: King's Indian: Miscellaneous lines with 4 e4, including 5 Nge2 and 5 Bd3 0-0 6 Nge2} 8. O-O {[%emt 0:00:27]} Nc7 {[%emt 0:00:30]} 9. h3 {[%emt 0:02:54]} dxc4 {[%emt 0:01:27]} 10. Bxc4 {[%emt 0:00:33]} Nd7 {[%emt 0:00:25]} 11. Bb3 $146 {[%emt 0:03:07]} ({Predecessor:} 11. Be3 Nb6 12. Bb3 Be6 13. Bc2 f6 14. Re1 Kh8 15. Ne4 {½-½ (81) Inarkiev,E (2668)-Jobava,B (2673) Minsk 2015}) 11... Nb6 {[%emt 0:00:29]} 12. Nh2 {[%emt 0:01:49]} Be6 {[%emt 0:00:47]} 13. Ng4 {[%emt 0:03:06]} Bxb3 {[%emt 0:01:01]} 14. axb3 {[%emt 0:04:55]} Ne6 {[%emt 0:03:31]} 15. Be3 {[%emt 0:02:31]} Nd5 {[%emt 0:00:29]} 16. Qf3 {[%emt 0:02:33]} h5 {[%emt 0:07:17]} 17. Nh2 {[%emt 0:01:59]} Nxe3 {[%emt 0:00:44]} 18. fxe3 {[%emt 0:00:37]} Qb6 {[%emt 0:04:54]} 19. Ra3 {[%emt 0:05:13]} Rad8 {[%emt 0:03:38]} 20. Rf2 {[%emt 0:01:40]} Nc7 {[%emt 0:03:08]} 21. Nf1 {[%emt 0:01:21]} Nd5 {[%emt 0:04:07]} 22. Nd2 {[%emt 0:01:55]} Bh6 {[%emt 0:02:38]} 23. Nc4 {[%emt 0:00:51]} Qb4 {[%emt 0:02:16]} 24. Nd1 {[%emt 0:13:25]} (24. Ra4 $11 Qxb3 25. Na5) 24... b5 {[%emt 0:04:14]} (24... a6 $17) 25. Na5 $1 {[%emt 0:00:41]} Rc8 {[%emt 0:02:01]} 26. Nb7 $17 {[%emt 0:01:52]} (26. Re2 $11) 26... Nxe3 {[%emt 0:00:54]} 27. Nxe3 {[%emt 0:00:53]} Qxd4 {[%emt 0:00:35]} 28. Nf1 {[%emt 0:02:30]} Qxe5 {[%emt 0:00:38]} 29. b4 {[%emt 0:00:37]} Qe1 {[%emt 0:01:28]} 30. Nc5 {[%emt 0:01:38]} Rcd8 {[%emt 0:01:23]} 31. Rxa7 {[%emt 0:01:01]} Rd1 {[%emt 0:00:24]} 32. Nd3 1-0